| 000 | 004830000a22001690004500 | ||
|---|---|---|---|
| 041 | 0 | _aENG | |
| 082 | 0 | 4 | _aG 268.41 K641w |
| 100 | 1 | _aKlein, Sara G. (1911-) | |
| 245 | 1 | 0 | _aWhen they are three : Nursery children in the church and home / Sara G. Klein, Elizabeth C. Gardner |
| 260 | _aPA., USA : Westminster | ||
| 300 | _a255 Pag | ||
| 001 | 7882 | ||
| 942 | _cBK | ||
| 999 |
_c38084 _d38084 |
||
| 336 |
_atexto _btxt _2rdacontent |
||
| 337 |
_2rdamedia _asin mediación _bn |
||
| 338 |
_2rdacarrier _avolumen _bnc |
||